00518nam a22001697a 450000500170000001000150001702000260003203500130005803700130007108200120008410000230009624500730011926000420019227000710023430000240030550000190032920100818121934.0 aENG-100851 a9788175348639c195.00 aEN-84384 bDBAD/PUB a346.072 aSaharay,Madhusudan aTextbook on sale of goods and hire purchase /cby Madhusudan Saharay aDelhibUniversal Law Publishingc2010 aC-FF-1A, Dilkhush Industrial Estate G T Karnal RoadbDelhie110033 axxx,197pc24cm(pbk) aincludes index